[Event "RUS-ch Blitz (Women)"]
[Site "Sochi"]
[Date "2024.10.14"]
[Round "7"]
[White "Voit, Daria"]
[Black "Satanovskaia, Evgeniia"]
[Result "1-0"]
[WhiteElo "2356"]
[BlackElo "1981"]
[PlyCount "105"]
[EventDate "2024.10.14"]
[EventType "swiss (blitz)"]
[EventRounds "13"]
[EventCountry "RUS"]
[SourceTitle "CB43_2024"]
[Source "Chessbase"]
[SourceDate "2024.10.23"]
[SourceVersion "1"]
[SourceVersionDate "2024.10.23"]
[SourceQuality "1"]

1. d4 Nf6 2. c4 e6 3. Nc3 Bb4 4. Bd2 b6 5. e3 Bb7 6. Nf3 0-0 7. Bd3 d6 8. Qc2 Nbd7 9. 0-0 e5 10. d5 Nc5 11. Be2 a5 12. b3 Bxc3 13. Bxc3 c6 14. dxc6 Bxc6 15. Rfd1 Qe7 16. Ne1 Rad8 17. Bf3 Bxf3 18. Nxf3 Nfe4 19. Nd2 Nxc3 20. Qxc3 f5 21. Nf3 f4 22. Rd5 fxe3 23. Qxe3 Ne6 24. Rad1 Nf4 25. R5d2 Qf6 26. g3 Ne6 27. Kg2 Nc5 28. Ng5 h6 29. Ne4 Nxe4 30. Qxe4 Rf7 31. Qc6 Rdf8 32. Re2 Rd8 33. Rd3 g5 34. Qxb6 e4 35. Rxe4 Rdf8 36. Re2 Qf5 37. Qxd6 Kg7 38. Qd4+ Kg8 39. Qd5 Qf6 40. Qxa5 Qc6+ 41. Qd5 Qg6 42. a4 Kh7 43. a5 Qf6 44. b4 Qg6 45. b5 Qh5 46. Qe4+ Kg8 47. h3 Rf6 48. a6 Qf7 49. Qd5 Kg7 50. Qxf7+ R8xf7 51. c5 Rf5 52. Rc3 Rc7 53. Rec2 1-0

[Event "RUS-ch (Women) 74th"]
[Site "Barnaul"]
[Date "2024.08.27"]
[Round "10"]
[White "Voit, Daria"]
[Black "Shuvalova, Polina"]
[Result "1/2-1/2"]
[WhiteElo "2345"]
[BlackElo "2487"]
[PlyCount "84"]
[EventDate "2024.08.17"]
[EventType "tourn"]
[EventRounds "11"]
[EventCountry "RUS"]
[EventCategory "7"]
[SourceTitle "CBM 221 Extra"]
[Source "ChessBase"]
[SourceDate "2024.09.30"]
[SourceVersion "1"]
[SourceVersionDate "2024.09.30"]
[SourceQuality "1"]

1. d4 Nf6 2. c4 e6 3. Nc3 d5 4. cxd5 exd5 5. Bg5 Be7 6. e3 h6 7. Bh4 Bg4 8. f3 Be6 9. Bd3 c5 10. Nge2 Nc6 11. 0-0 0-0 12. Rc1 Rc8 13. Bb1 cxd4 14. exd4 Qd7 15. Qd3 g6 16. g4 Nh7 17. Bf2 Rfe8 18. h4 Kh8 19. h5 Nb4 20. Qd2 Ng5 21. Bg3 gxh5 22. a3 Nc6 23. Qd3 hxg4 24. fxg4 Rg8 25. Nf4 Bxg4 26. Nfxd5 Bd8 27. Kh1 Bf3+ 28. Rxf3 Qh3+ 29. Bh2 Qxf3+ 30. Qxf3 Nxf3 31. Rf1 Ncxd4 32. Be4 Nxh2 33. Rxf7 Rg5 34. Kxh2 Kg8 35. Rxb7 Nc6 36. Rh7 h5 37. Kh3 Rb8 38. b4 a6 39. Rh6 Ne5 40. Rxa6 h4 41. Ne2 Ng4 42. Bf3 Nf2+ 1/2-1/2

[Event "RUS-ch (Women) 74th"]
[Site "Barnaul"]
[Date "2024.08.21"]
[Round "5"]
[White "Voit, Daria"]
[Black "Gunina, Valentina"]
[Result "1/2-1/2"]
[WhiteElo "2345"]
[BlackElo "2435"]
[PlyCount "178"]
[EventDate "2024.08.17"]
[EventType "tourn"]
[EventRounds "11"]
[EventCountry "RUS"]
[EventCategory "7"]
[SourceTitle "CBM 221 Extra"]
[Source "ChessBase"]
[SourceDate "2024.09.30"]
[SourceVersion "1"]
[SourceVersionDate "2024.09.30"]
[SourceQuality "1"]

1. d4 d5 2. c4 c6 3. Nc3 Nf6 4. e3 Bf5 5. f3 h5 6. Qb3 Qb6 7. cxd5 Qxb3 8. axb3 cxd5 9. Nb5 Kd7 10. Rxa7 Rxa7 11. Nxa7 e6 12. Bd2 Nc6 13. Bb5 Be7 14. Ba4 Ra8 15. Nxc6 bxc6 16. Ne2 Bd6 17. Kf2 Ng8 18. h3 h4 19. Nc1 Ne7 20. Ke2 Bh7 21. Nd3 Nf5 22. Be1 f6 23. Bf2 Ng3+ 24. Bxg3 hxg3 25. h4 Bf5 26. h5 Ke7 27. Bxc6 Rc8 28. Rc1 Rh8 29. e4 dxe4 30. Bxe4 Rxh5 31. Ke3 Rh2 32. Bxf5 exf5 33. Rg1 g5 34. f4 Ke6 35. b4 Kd5 36. b3 Rh8 37. Kf3 Kxd4 38. Rd1 Kc3 39. Kxg3 Bb8 40. Kf3 g4+ 41. Ke2 Re8+ 42. Kf1 Ba7 43. Ne1 Kxb4 44. Rd3 Ka3 45. Rd6 Kxb3 46. Rxf6 Rd8 47. Ke2 Rd5 48. Ra6 Bd4 49. Nd3 Rd8 50. Ra5 Re8+ 51. Ne5 Kb4 52. Rd5 Kc3 53. Kf1 Ra8 54. g3 Ra2 55. Nc6 Bb6 56. Rxf5 Rf2+ 57. Ke1 Rg2 58. Ne5 Rxg3 59. Rg5 Rg1+ 60. Ke2 g3 61. Kf3 Bf2 62. f5 Kd2 63. f6 Rf1 64. Kg2 Ke2 65. Nf3 Be3 66. Rf5 Ra1 67. f7 Bh6 68. Re5+ Kd3 69. Re6 Bg7 70. Rg6 Bf8 71. Rg8 Ra8 72. Kxg3 Ke4 73. Kg4 Kd5 74. Kf5 Kd6 75. Ne5 Kc7 76. Rh8 Rb8 77. Rg8 Ra8 78. Rh8 Rb8 79. Rh2 Rb5 80. Rc2+ Kb7 81. Ke6 Rb1 82. Re2 Rb6+ 83. Kd7 Ba3 84. Nc4 Rf6 85. Ke8 Bc5 86. Re5 Kc6 87. Nd2 Bd6 88. Ne4 Rxf7 89. Kxf7 Bxe5 1/2-1/2

[Event "RUS-ch (Women) 74th"]
[Site "Barnaul"]
[Date "2024.08.17"]
[Round "1"]
[White "Voit, Daria"]
[Black "Goltseva, Ekaterina"]
[Result "1/2-1/2"]
[WhiteElo "2345"]
[BlackElo "2366"]
[PlyCount "86"]
[EventDate "2024.08.17"]
[EventType "tourn"]
[EventRounds "11"]
[EventCountry "RUS"]
[EventCategory "7"]
[SourceTitle "CBM 221 Extra"]
[Source "ChessBase"]
[SourceDate "2024.09.30"]
[SourceVersion "1"]
[SourceVersionDate "2024.09.30"]
[SourceQuality "1"]

1. d4 d5 2. c4 e6 3. Nc3 c5 4. cxd5 cxd4 5. Qa4+ Bd7 6. Qxd4 exd5 7. Qxd5 Nf6 8. Qb3 Na6 9. e3 Nc5 10. Qc2 Rc8 11. Nf3 Na4 12. Qb3 Nc5 13. Qd1 Nce4 14. Bd3 Bb4 15. Bxe4 Nxe4 16. Qd4 Nxc3 17. Qxb4 Nxa2 18. Qe4+ Be6 19. Bd2 0-0 20. Nd4 Bd5 21. Qb1 Qg5 22. Rg1 Rc4 23. Qf5 Qd8 24. Ne2 Nb4 25. Bxb4 Rxb4 26. Rd1 Be6 27. Rxd8 Bxf5 28. Rd2 Rc8 29. f3 g6 30. Nd4 Bd7 31. Ke2 Ba4 32. Ra1 a6 33. e4 Kg7 34. Ke3 h5 35. Ne2 Rb3+ 36. Kf2 Bb5 37. h4 Bxe2 38. Kxe2 Rc4 39. Kd1 Rcb4 40. Kc1 Kf6 41. Ra5 Rc4+ 42. Kd1 Rcb4 43. Kc1 Rc4+ 1/2-1/2

[Event "Moscow (Women) op 20th"]
[Site "Moscow"]
[Date "2024.07.20"]
[Round "9"]
[White "Voit, Daria"]
[Black "Goltseva, Ekaterina"]
[Result "1/2-1/2"]
[WhiteElo "2329"]
[BlackElo "2356"]
[PlyCount "81"]
[EventDate "2024.07.16"]
[EventType "swiss"]
[EventRounds "9"]
[EventCountry "RUS"]
[SourceTitle "CBM 221 Extra"]
[Source "ChessBase"]
[SourceDate "2024.09.30"]
[SourceVersion "1"]
[SourceVersionDate "2024.09.30"]
[SourceQuality "1"]

1. d4 Nf6 2. c4 e6 3. Nc3 Bb4 4. f3 d5 5. a3 Be7 6. e4 dxe4 7. fxe4 c5 8. d5 exd5 9. exd5 0-0 10. Be2 a6 11. Nf3 Re8 12. 0-0 Bd6 13. h3 h6 14. Bd3 Nbd7 15. Bc2 Nf8 16. Re1 Bd7 17. Be3 Qc8 18. Qd2 Bf5 19. Ba4 Ne4 20. Nxe4 Rxe4 21. Bc2 Re8 22. Nh4 Bxc2 23. Qxc2 Re5 24. Qf2 g5 25. Nf3 Re8 26. Bd2 Qf5 27. Bc3 Qf4 28. b3 Ng6 29. Rxe8+ Rxe8 30. Re1 Rxe1+ 31. Qxe1 b5 32. cxb5 axb5 33. Qe8+ Nf8 34. Bd2 Qf5 35. Qxb5 Qxd5 36. Qc4 Qf5 37. b4 cxb4 38. Bxb4 h5 39. Nd4 Qe4 40. Qc5 g4 41. hxg4 1/2-1/2

[Event "Moscow (Women) op 20th"]
[Site "Moscow"]
[Date "2024.07.19"]
[Round "7"]
[White "Bruyatskaya, Marina"]
[Black "Voit, Daria"]
[Result "1/2-1/2"]
[WhiteElo "2046"]
[BlackElo "2329"]
[PlyCount "47"]
[EventDate "2024.07.16"]
[EventType "swiss"]
[EventRounds "9"]
[EventCountry "RUS"]
[SourceTitle "CBM 221 Extra"]
[Source "ChessBase"]
[SourceDate "2024.09.30"]
[SourceVersion "1"]
[SourceVersionDate "2024.09.30"]
[SourceQuality "1"]

1. e4 c6 2. d4 d5 3. exd5 cxd5 4. Bd3 Nc6 5. c3 Nf6 6. Bf4 g6 7. Nf3 Bf5 8. 0-0 Bg7 9. Re1 0-0 10. Bf1 h6 11. h3 g5 12. Bh2 e6 13. Bd3 Bxd3 14. Qxd3 Ne4 15. Nbd2 Nd6 16. Ne5 Nxe5 17. Bxe5 Bxe5 18. Rxe5 Qf6 19. Rf1 Kh8 20. Nf3 Rg8 21. Nh2 Qg6 22. Qxg6 Rxg6 23. Re2 Rgg8 24. Ng4 1/2-1/2

[Event "Moscow (Women) op 20th"]
[Site "Moscow"]
[Date "2024.07.19"]
[Round "6"]
[White "Voit, Daria"]
[Black "Getman, Tatyana"]
[Result "1/2-1/2"]
[WhiteElo "2329"]
[BlackElo "2158"]
[PlyCount "44"]
[EventDate "2024.07.16"]
[EventType "swiss"]
[EventRounds "9"]
[EventCountry "RUS"]
[SourceTitle "CBM 221 Extra"]
[Source "ChessBase"]
[SourceDate "2024.09.30"]
[SourceVersion "1"]
[SourceVersionDate "2024.09.30"]
[SourceQuality "1"]

1. d4 Nf6 2. c4 e6 3. Nf3 d5 4. Nc3 Bb4 5. e3 0-0 6. Bd2 b6 7. cxd5 exd5 8. Bd3 Bb7 9. Rc1 Be7 10. Ne5 c5 11. 0-0 Nc6 12. Nxc6 Bxc6 13. dxc5 bxc5 14. Ne2 Ne4 15. Qc2 Nxd2 16. Qxd2 Qb6 17. b3 a5 18. Qc2 g6 19. e4 a4 20. exd5 axb3 21. axb3 Bxd5 22. Bc4 Rfd8 1/2-1/2

[Event "Moscow (Women) op 20th"]
[Site "Moscow"]
[Date "2024.07.16"]
[Round "1"]
[White "Voit, Daria"]
[Black "Kusakina, Uliana"]
[Result "1-0"]
[WhiteElo "2329"]
[BlackElo "1751"]
[PlyCount "65"]
[EventDate "2024.07.16"]
[EventType "swiss"]
[EventRounds "9"]
[EventCountry "RUS"]
[SourceTitle "CBM 221 Extra"]
[Source "ChessBase"]
[SourceDate "2024.09.30"]
[SourceVersion "1"]
[SourceVersionDate "2024.09.30"]
[SourceQuality "1"]

1. d4 Nf6 2. c4 c5 3. d5 b5 4. Qc2 b4 5. e4 d6 6. Bd3 g6 7. Nf3 Bg7 8. 0-0 0-0 9. h3 Nbd7 10. Bf4 Ne8 11. Bg3 e5 12. dxe6 fxe6 13. e5 Rxf3 14. gxf3 Nxe5 15. Be4 Rb8 16. Nd2 d5 17. f4 Nc6 18. cxd5 exd5 19. Qxc5 dxe4 20. Qxc6 Bxh3 21. Nxe4 Rc8 22. Qa6 Qd5 23. Rfe1 Kh8 24. Rad1 Qh5 25. Ng5 Nf6 26. Qxc8+ Bxc8 27. Rd8+ Bf8 28. Rxf8+ Kg7 29. Rxc8 Nd5 30. Rd8 h6 31. Rd7+ Kf8 32. Rf7+ Kg8 33. Re8# 1-0

[Event "RUS-ch Higher League (Women) 74th"]
[Site "Nizhnij Novgorod"]
[Date "2024.07.04"]
[Round "8"]
[White "Karmanova, Olga Dm"]
[Black "Voit, Daria"]
[Result "1-0"]
[WhiteElo "2198"]
[BlackElo "2329"]
[PlyCount "107"]
[EventDate "2024.06.26"]
[EventType "swiss"]
[EventRounds "9"]
[EventCountry "RUS"]
[SourceTitle "EXT 2025"]
[Source "ChessBase"]
[SourceDate "2024.10.14"]
[SourceVersion "1"]
[SourceVersionDate "2024.10.14"]
[SourceQuality "1"]

1. d4 Nf6 2. c4 e6 3. g3 d5 4. Bg2 Bb4+ 5. Bd2 a5 6. Qc2 0-0 7. Nf3 c5 8. cxd5 cxd4 9. Nxd4 Qb6 10. e3 exd5 11. 0-0 Nc6 12. Nxc6 bxc6 13. Rc1 Rb8 14. Nc3 Bd7 15. Na4 Qa7 16. Bxb4 Rxb4 17. b3 h5 18. Nc5 Bc8 19. h3 Re8 20. Rd1 Bf5 21. Qxf5 Qxc5 22. Rac1 Qd6 23. Qc2 Re6 24. Qc3 Ne4 25. Qc2 f5 26. h4 Qe7 27. Qd3 a4 28. bxa4 Rxa4 29. Rc2 Kh7 30. Rdc1 Qb7 31. Qe2 Nf6 32. Rb2 Qc7 33. Qc2 Rae4 34. Bxe4 fxe4 35. Qc5 Qe5 36. Rb7 Qf5 37. Qf8 Qg4 38. Rb8 Kg6 39. Qh8 Re7 40. Qc8 Qf3 41. Qxc6 Kh7 42. Rf8 d4 43. exd4 Ra7 44. Qc2 Rd7 45. Qd2 Qa3 46. Rcc8 Rd5 47. Qf4 Qe7 48. Rxf6 Qxf6 49. Qxe4+ Rf5 50. Rc5 g6 51. Rc7+ Kh6 52. Qe3+ g5 53. hxg5+ Rxg5 54. Rc5 1-0

[Event "RUS-ch Higher League (Women) 74th"]
[Site "Nizhnij Novgorod"]
[Date "2024.07.03"]
[Round "7"]
[White "Voit, Daria"]
[Black "Goltseva, Ekaterina"]
[Result "1-0"]
[WhiteElo "2329"]
[BlackElo "2325"]
[PlyCount "115"]
[EventDate "2024.06.26"]
[EventType "swiss"]
[EventRounds "9"]
[EventCountry "RUS"]
[SourceTitle "EXT 2025"]
[Source "ChessBase"]
[SourceDate "2024.10.14"]
[SourceVersion "1"]
[SourceVersionDate "2024.10.14"]
[SourceQuality "1"]

1. d4 Nf6 2. c4 e6 3. Nc3 d5 4. cxd5 exd5 5. Bg5 Bb4 6. Nf3 h6 7. Bh4 0-0 8. e3 Bf5 9. Qb3 Bxc3+ 10. bxc3 Nbd7 11. Be2 c5 12. dxc5 Nxc5 13. Qb4 Nce4 14. 0-0 Qb6 15. Nd4 Bd7 16. f3 Ng5 17. Qxb6 axb6 18. Rfb1 Ra3 19. Rxb6 Rfa8 20. Rxb7 Rxc3 21. Rb3 Rc7 22. Bg3 Rca7 23. a3 Ne6 24. Nxe6 fxe6 25. Rb8+ Kf7 26. Rxa8 Rxa8 27. Bd1 Bb5 28. Bd6 Nd7 29. Rb1 Bc6 30. Rc1 Bb5 31. Kf2 Ra6 32. Bb4 Bc4 33. f4 Nb6 34. h4 g6 35. h5 Na4 36. hxg6+ Kxg6 37. Bc2+ Kg7 38. g4 Bb5 39. Bb1 Bc4 40. Rh1 Rc6 41. g5 hxg5 42. fxg5 Ba2 43. Rh7+ Kg8 44. Bg6 Nc3 45. Re7 Ne4+ 46. Bxe4 dxe4 47. Kg3 Rc1 48. Kg4 Rh1 49. Bc3 Bb3 50. Bf6 Rf1 51. Kh5 Ba4 52. Rxe6 Bd7 53. Re7 Bf5 54. g6 Bg4+ 55. Kg5 Rf5+ 56. Kxg4 Rxf6 57. Kg5 Rf3 58. Rxe4 1-0